Doby poistenia

Odpoveď na otázku poistencov s bydliskom na území iného členského štátu EÚ, ako majú požiadať o dôchodok z dôchodkového poistenia SR za doby poistenia získané v Slovenskej republike. Právne predpisy EÚ umožňujúce vzájomné hodnotenie dôb poistenia. E-formuláre, vyplnením ktorých sa príslušnej inštit...

Description complète

Enregistré dans:
Détails bibliographiques
Auteur principal: Kováčová, Lucia
Format: Chapitre de livre
Langue:slovaque
Sujets:
Tags: Ajouter un tag
Pas de tags, Soyez le premier à ajouter un tag!

MARC

LEADER 00000naa$a2200000$$$4500
001 0080782
005 20230925075018.1
041 0 |a slo 
044 |a SK 
245 1 0 |a Doby poistenia  |c Lucia Kováčová 
520 |a Odpoveď na otázku poistencov s bydliskom na území iného členského štátu EÚ, ako majú požiadať o dôchodok z dôchodkového poistenia SR za doby poistenia získané v Slovenskej republike. Právne predpisy EÚ umožňujúce vzájomné hodnotenie dôb poistenia. E-formuláre, vyplnením ktorých sa príslušnej inštitúcii sociálneho poistenia iného členského štátu poskytnú údaje potrebné na posúdenie nároku na dôchodok. Podanie žiadosti o dôchodok. 
610 2 0 |a poistenie sociálne 
610 2 0 |a poistenie dôchodkové 
610 2 0 |a poisťovne sociálne 
610 2 0 |a dávky dôchodkové 
610 2 0 |a Európska únia 
610 2 0 |a Slovensko 
610 2 0 |a legislatíva 
100 1 |a Kováčová, Lucia